Datum a čas kvízu
26.5
Celkem bodů
Celkový počet nahraných bodů na tomto kvízu bez doplňovacích otázek.
10.
Pořadí na kvízu
Konečné umístění týmu na tomto kvízu.
Zaznamenané odpovědi
| # | Otázka | Odpověď | Body | Výsledky |
|---|---|---|---|---|
| 1. | Městský soud v Praze vyhlásil... | Firo-tour | 0 | |
| 2. | Premiér jisté země minulý týde... | Japonsko | 1 | |
| 3. | Minulý týden vstoupil do český... | Tenet | 0 | |
| 4. | Jistá soukromá dopravní společ... | Leo Express | 1 | |
| 5. | Jedna špičková tenistka nejprv... | Naomi Ósakaová | 1 | |
| 6. | V tomto tématu se podíváme na... | (druhá) punská válka | 1 | |
| 7. | V roce 1792 u Valmy porazila f... | Prusko | 0 | |
| 8. | Jak se jmenoval americký gener... | Robert Edward Lee | 0 | |
| 9. | Německo poprvé ve velkém měřít... | Ypry / Ypres | 0 | |
| 10. | Kniha Černý jestřáb sestřelen... | v Somálsku | 0 |